000
00282nam a2200109Ia 4500
008
180219s9999 xx 000 0 und d
020
_a
9780815365105
100
_a
White, David
245
_a
Clinical chemistry /
260
_a
USA :
_b
Garland science
_c
2017
300
_a
xii, 587 pages
999
_c
356025
_d
356025